LEADER 01456nam0 22003131i 450 001 UON00233095 005 20231205103511.685 100 $a20030730d1986 |0itac50 ba 101 $aita 102 $aIT 105 $a|||| ||||| 200 1 $aˆLa ‰ società filosofica di Berlino e gli hegeliani di Napoli$escritti di storia della filosofia (1860-1865)$fKarl L. Michelet, Theodor Starter$ga cura di Domenico D'Orsi 210 $aMilano$cGiuffré$d1986 215 $a511 p.$d25 cm. 410 1$1001UON00177184$12001 $a Centro studi "Bertrando e Silvio Spaventa". Testi e documenti. / collana diretta da Francesco Mercadante$1210 $aMilano$cGiuffré.$v4 606 $aFILOSOFIA TEDESCA$xSec. 19.$3UONC084861$2FI 606 $aHegelismo$3UONC049180$2FI 620 $aIT$dMilano$3UONL000005 676 $a141$cIdealismo e sistemi e dottrine connessi$v21 700 1$aMICHELET$bKarl Ludwig$3UONV138071$0159344 701 1$aSTRATER$bTheodor$3UONV141239$0384571 702 1$aD'ORSI$bDomenico$3UONV141240 712 $aGiuffrè$3UONV257275$4650 801 $aIT$bSOL$c20250620$gRICA 899 $aSIBA - SISTEMA BIBLIOTECARIO DI ATENEO$2UONSI 912 $aUON00233095 950 $aSIBA - SISTEMA BIBLIOTECARIO DI ATENEO$dSI FS FS SMARRITO $eSI FP 1289 6 SMARRITO $sSmarrito 996 $aSocietà filosofica di Berlino e gli Hegeliani di Napoli$9470872 997 $aUNIOR LEADER 01720nam0 22003973i 450 001 RAV1684099 005 20251003044331.0 010 $a9788838741135 100 $a20130827d2007 ||||0itac50 ba 101 | $aita 102 $ait 181 1$6z01$ai $bxxxe 182 1$6z01$an 200 1 $aPiani urbanistici in Italia$ecatalogo e documenti dell'archivio RAPu$fPatrizia Gabellini, Bertrando Bonfantini, Gloria Paoluzzi 210 $aSantarcangelo di Romagna$cMaggioli$d2007 215 $aXX, 528 p.$cill.$d21 cm$e1 CD-ROM 225 | $aPolitecnica 300 $aIn testa al front.: RAPu, Rete archivi piani urbanistici. 410 0$1001RAV1647745$12001 $aPolitecnica 606 $aPianificazione urbanistica$xItalia$2FIR$3CFIC087330$9E 676 $a711.0945$9PIANIFICAZIONE A LIVELLO LOCALE (PIANIFICAZIONE URBANA). Italia$v14 676 $a711.40945$9URBANISTICA. PIANI E PIANIFICAZIONE MUNICIPALE. Italia$v22 696 $aPianificazione urbana 699 $aPianificazione urbanistica$yPianificazione urbana 700 1$aGabellini$b, Patrizia$3CFIV064551$4070$011028 701 1$aPaoluzzi$b, Gloria$3RAVV578725$4070$0447892 701 1$aBonfantini$b, Bertrando$3TSAV019812$4070$040070 790 1$aBonfantini$b, Giuseppe Bertrando$3PMIV012438$zBonfantini, Bertrando 801 3$aIT$bIT-000000$c20130827 850 $aIT-BN0095 901 $bNAP 01$cSALA DING $n$ 912 $aRAV1684099 950 0$aBiblioteca Centralizzata di Ateneo$c1 v. + 1 CD-ROM$d 01SALA DING 711.0945 GAB.pi$e 0102 0000090555 VMA A4 1 v. + 1 CD-ROM$fY $h20111202$i20111205 977 $a 01 996 $aPiani urbanistici in Italia$9104178 997 $aUNISANNIO